The Penguin Dictionary of Islam / (Record no. 11628)
[ view plain ]
| 000 -LEADER | |
|---|---|
| fixed length control field | 00843nam a22002177a 4500 |
| 008 - FIXED-LENGTH DATA ELEMENTS--GENERAL INFORMATION | |
| fixed length control field | 090525t xxu||||| |||| 00| 0 eng d |
| 020 ## - INTERNATIONAL STANDARD BOOK NUMBER | |
| International Standard Book Number | 9780141013992 (pbk.) |
| 020 ## - INTERNATIONAL STANDARD BOOK NUMBER | |
| International Standard Book Number | 0141013990 (pbk.) |
| 082 ## - DEWEY DECIMAL CLASSIFICATION NUMBER | |
| Edition number | 22 |
| Classification number | 297.03 |
| Item number | NAN |
| 100 ## - MAIN ENTRY--PERSONAL NAME | |
| Personal name | Nanji, Azim. |
| 9 (RLIN) | 5217 |
| 245 ## - TITLE STATEMENT | |
| Title | The Penguin Dictionary of Islam / |
| Statement of responsibility, etc | Azim Nanji with Razia Nanji. |
| 246 ## - VARYING FORM OF TITLE | |
| Title proper/short title | Dictionary of Islam |
| 260 ## - PUBLICATION, DISTRIBUTION, ETC. (IMPRINT) | |
| Place of publication, distribution, etc | London : |
| Name of publisher, distributor, etc | Penguin, |
| Date of publication, distribution, etc | c2008. |
| 300 ## - PHYSICAL DESCRIPTION | |
| Extent | x, 303 p. : |
| Other physical details | ill., maps ; |
| Dimensions | 20 cm. |
| 500 ## - GENERAL NOTE | |
| General note | Cover and spine title: Dictionary of Islam. |
| 504 ## - BIBLIOGRAPHY, ETC. NOTE | |
| Bibliography, etc | Includes bibliographical references (p. 224-303). |
| 650 ## - SUBJECT ADDED ENTRY--TOPICAL TERM | |
| Topical term or geographic name as entry element | Islam -- Dictionaries. |
| 9 (RLIN) | 5218 |
| 700 ## - ADDED ENTRY--PERSONAL NAME | |
| Personal name | Nanji, Razia. |
| 9 (RLIN) | 5219 |
| 942 ## - ADDED ENTRY ELEMENTS (KOHA) | |
| Source of classification or shelving scheme | Dewey Decimal Classification |
| Item type | Reference (NB) |
| Withdrawn status | Item status | Source of classification or shelving scheme | Damaged status | Not for loan | Vendor | Home library | Current library | Shelving location | Date acquired | Source of acquisition | Cost, normal purchase price | Serial Enumeration / chronology | Total Checkouts | Full call number | Barcode | Date last seen | Koha item type |
|---|---|---|---|---|---|---|---|---|---|---|---|---|---|---|---|---|---|
| Dewey Decimal Classification | AUC | Central Library | Central Library | Lower Floor | 25/05/2009 | 100.00 | 4122 | 297.03 NAN | 000016227 | 15/07/2025 | Book - Borrowing |